Paroles - La maladie d'amour - Michel Sardou - Statistiques

Statistiques générales
  • Ce quiz a été pris 519 fois
  • Le résultat moyen est 189 sur 222
Statistiques - réponses
Réponse % Correct
d'amour
100%
Elle
100%
elle
100%
La
100%
la
100%
le
100%
maladie
100%
court
99%
Dans
99%
dans
99%
de
99%
De
99%
7
98%
77
98%
à
98%
coeur
98%
des
98%
en
98%
enfants
98%
ans
97%
Les
95%
les
95%
rivière
94%
chante
93%
cheveux
90%
gris
90%
Qui
90%
qui
90%
insolente
89%
lit
89%
son
89%
blonds
87%
unit
79%
fait
77%
hommes
70%
Et
69%
Par
65%
Ce
64%
D'un
63%
femmes
63%
d'une
59%
plus
59%
pleurer
58%
monde
57%
chanter
56%
quand
55%
on
54%
Tout
54%
vie
54%
c'est
53%
d'anglais
53%
long
53%
professeur
53%
Mais
52%
charme
48%
Sur
48%
douloureux
47%
guérit
47%
parfois
47%
souffrir
47%
innocent
46%
l'ombre
45%
passe
45%
rue
45%
Cet
43%
classe
43%
inconnu
43%
parfum
43%
banc
42%
crier
41%
l'écolière
41%
surprend
39%
n'oubliera
38%
foudroie
36%
s'agrandir
35%
volait
34%
Aucun quiz correspondant
Distribution des résultats
% des personnes avec chaque résultat
Percentile par nombre de réponses
Votre historique - résultats
Vous n’avez pas pris ce quiz